=LDR 00000nam 2200000 4500 =001 INLIS000000000015925 =005 20200807021849 =035 ##$$a 0010-061300000015925 =008 200807################g##########0#ind## =041 ##$$a Ind =082 ##$$a 2x9.8 =090 ##$$a 2x9.8, Kha p =100 1#$$a Khalid, Khalid Muh =245 1#$$a Pemilik kebebasan dibalik kesederhanaan, (Sa'id Bin Amir), /$c Khalid Muh. Khalid ; alih bahasa Mahyuddin Syaff dkk =250 ##$$a cet.1 =260 ##$$a Bandung :$b cv. Diponegoro,$c 1994 =300 ##$$a 88 hlm., ; $c 11 x 17 cm =650 #4$$a Biografi tokoh-tokoh Islam =700 #$$a alih bahasa, Syaff, Mahyuddin =850 ##$$a NBPNMAT =084 ##$$a 2x9.8 KHA p =990 ##$$a 141.160/pro99 =990 ##$$a 141.161/pro99 =990 ##$$a 141.163/pro99 =990 ##$$a 141.161/pro99 =990 ##$$a 141.160/pro99 =990 ##$$a 141.163/pro99 =990 ##$$a 141.160/pro99 =990 ##$$a 141.161/pro99 =990 ##$$a 141.163/pro99 =990 ##$$a 141.163/pro99 =990 ##$$a 141.160/pro99 =990 ##$$a 141.161/pro99